Central Library and Information Centre
Sibsagar Girls' College, Sivasagar : Assam

A BROCHURE ON ASSAMESE LITERATURE & CULTURE (Record no. 25626)

MARC details
000 -LEADER
fixed length control field 00431nam a22001577a 4500
005 - DATE AND TIME OF LATEST TRANSACTION
control field 20220519152531.0
008 - FIXED-LENGTH DATA ELEMENTS--GENERAL INFORMATION
fixed length control field 220519b ||||| |||| 00| 0 eng d
040 ## - CATALOGING SOURCE
Transcribing agency OCLC
082 ## - DEWEY DECIMAL CLASSIFICATION NUMBER
Edition number DDC
Classification number 891.451
Item number BAR
100 ## - MAIN ENTRY--PERSONAL NAME
Personal name BARUAH, SHIVA PRASAD
Relator term EDITOR
245 ## - TITLE STATEMENT
Title A BROCHURE ON ASSAMESE LITERATURE & CULTURE
Medium ENGLISH
250 ## - EDITION STATEMENT
Edition statement 2ND
260 ## - PUBLICATION, DISTRIBUTION, ETC.
Place of publication, distribution, etc. GUWAHATI
Name of publisher, distributor, etc. BANTY SAHITYA MANDIR
Date of publication, distribution, etc. 1956
300 ## - PHYSICAL DESCRIPTION
Extent 1-p:
Dimensions 20CM
942 ## - ADDED ENTRY ELEMENTS (KOHA)
Source of classification or shelving scheme Dewey Decimal Classification
Koha item type Books
Holdings
Withdrawn status Lost status Source of classification or shelving scheme Damaged status Not for loan Collection code Home library Current library Shelving location Date acquired Source of acquisition Cost, normal purchase price Full call number Barcode Date last seen Copy number Price effective from Koha item type Public note
    Dewey Decimal Classification     TBASM Central Library and Information Centre Sibsagar Girls College Central Library and Information Centre Sibsagar Girls College   18.02.2022 BBMC 3.00 891.451 BAR 48186 19.05.2022 1 19.05.2022 Books Donated by Biren Borkotoky Family


Sibsagar Girl's College © 2020. All rights reserved.
Powered by Koha.
Maintained by Abhijit Borpuzari.